| 000 | 00744nam a2200193 i 4500 | ||
|---|---|---|---|
| 001 | 181377 | ||
| 003 | ES-MaACL | ||
| 005 | 20240301062538.0 | ||
| 008 | 121220s1869 sp |||| | spa d | ||
| 080 | _a027(460.27 M) | ||
| 110 | 2 |
_aBiblioteca Nacional (España) _92188 |
|
| 245 | 1 | 0 |
_aMemoria leída en la Biblioteca Nacional en la sesión pública del presente año, 1869 / _c[Juan Eugenio Hartzbusch]. |
| 260 |
_aMadrid : _b[s.n.], _c1869 ( _fImp. y Estereotipia de M. Rivadeneyra) |
||
| 300 |
_a34 p. ; _c26 cm. |
||
| 610 | 2 | 4 |
_aBiblioteca Nacional (España)- _vMemorias. _9138862 |
| 700 | 1 |
_aHartzenbusch, Juan Eugenio, _d1806-1880 _962011 |
|
| 852 | 4 |
_aES-MaACL _jT-97-F-11 _z- Enc. vol. facticio |
|
| 999 |
_c181377 _d181377 |
||